banner-ar

قواعد النقوش العربية الجنوبية: كتابات المسند / (Record no. 49254)

MARC details
000 -الفاتح
حقل البيانات ثابتة الطول 00692nam a2200205Ia 4500
008 - عناصر البيانات ثابتة الطول - معلومات عامة
حقل البيانات ثابتة الطول 140319s9999 xx 000 0 ara d
040 ## - مصدر الفهرسة
وكالة الفهرسة الأصلية GCL /
وكالة النسخ GCL
082 04 - رقم تصنيف ديوى العشرى
رقم التصنيف 419.2
رقم المادة ب ق
100 1# - المدخل الرئيسى - إسم شخصى
الإسم الشخصى بيستون، الفريد
245 10 - بيان العنوان
العنوان قواعد النقوش العربية الجنوبية: كتابات المسند /
بيان المسئوليه,etc بيستون، الفريد
700 1# - المدخل الاضافى - اسم شخصى
الإسم الشخصى رفعت هزيم
300 ## - الوصف المادى
التعداد 135 ص
490 ## - بيان السلسلة
عنوان السلسلة الهيئة العامة للاستعلامات
رقم المجلد/ التعيين التسلسلي 0
650 04 - المدخل الاضافى بالموضوع-مصطلح موضوعى
مصطلح موضوعي اللغة العربية
650 04 - المدخل الاضافى بالموضوع-مصطلح موضوعى
مصطلح موضوعي الكتابة العربية
650 04 - المدخل الاضافى بالموضوع-مصطلح موضوعى
مصطلح موضوعي النقوش العربية
650 04 - المدخل الاضافى بالموضوع-مصطلح موضوعى
مصطلح موضوعي اللغة العربية - تاريخ
942 ## - عناصر المدخل الإضافي( كوها)
مصدر التصنيف او مخطط الترفيف Dewey Decimal Classification
Koha [default] item type كتاب
Holdings
حالة التراجع حالة الفقد حالة تلف ليس للاعارة المكان المؤقت الموقع الحالى تاريخ الاكتساب اجمالي اﻻعارات رقم الطلب الباركود تاريخ اخر مشاهدة تاريخ تفعيل السعر نوع وعاء كوها
        مكتبة القاهرة الكبرى مكتبة القاهرة الكبرى 03/26/2014   419.2\ب ق 118394 03/26/2014 03/26/2014 كتاب
        مكتبة القاهرة الكبرى مكتبة القاهرة الكبرى 03/26/2014   419.2\ب ق 118395 03/26/2014 03/26/2014 كتاب

Powered By

EGPV